A commentary on the Holy Bible: (Record no. 598)

000 -LEADER
fixed length control field 00675nam a2200193 a 4500
001 - CONTROL NUMBER
control field :::00013754$&:&@@
003 - CONTROL NUMBER IDENTIFIER
control field OkBaRHE
005 - DATE AND TIME OF LATEST TRANSACTION
control field 20100324133814.0
008 - FIXED-LENGTH DATA ELEMENTS--GENERAL INFORMATION
fixed length control field s1973 j 000 0 eng u
040 ## - CATALOGING SOURCE
Transcribing agency
100 1# - MAIN ENTRY--PERSONAL NAME
Personal name Dummelow, J. R.
245 12 - TITLE STATEMENT
Title A commentary on the Holy Bible:
Remainder of title by various writers.
260 ## - PUBLICATION, DISTRIBUTION, ETC. (IMPRINT)
Place of publication, distribution, etc New York, NY., :
Name of publisher, distributor, etc MacMillan Publishing Company
Date of publication, distribution, etc 1973
300 ## - PHYSICAL DESCRIPTION
Extent 1092 p. ;
Dimensions 24 cm.
650 ## - SUBJECT ADDED ENTRY--TOPICAL TERM
Topical term or geographic name as entry element Bible
General subdivision Commentaries
942 ## - ADDED ENTRY ELEMENTS (KOHA)
Source of classification or shelving scheme
Koha item type Books
Copies
Lost status Full call number Source of classification or shelving scheme Not for loan Barcode Price effective from Permanent Location Withdrawn status Copy number Damaged status Collection code Date last seen Shelving location Date acquired Koha item type
 BS 491 .D8  137542010-04-14RHEMA Bible Training College 1 Reference2010-04-14General Stacks2010-04-14Books
 BS 491 .D8  172212010-04-14RHEMA Bible Training College 2 Reference2010-04-14General Stacks2010-04-14Books